000 00506nam a22001457i 4500
003 URS
005 20220114171130.0
008 171027b xxu||||| |||| 00| 0 eng d
245 _aDevelopment and evaluation of website for national museum Angono-Binangonan petroglyphs
336 _atext
_btxt
_2rdacontent
337 _aunmediated
_bn
_2rdamedia
338 _avolume
_bnc
_2rdacarrier
700 _aCris Cyrus Gondra, Maurice Ng, Aldwin Roi CeƱalada, Kristoffer Hao, Franzlie Duabe
_eauthors
942 _2lcc
_cT
999 _c12824
_d12824